000 00677nam a2200229Ia 4500
003 OSt
005 20220923212544.0
006 a|||||r|||| 00| 0
007 ta
008 220922b |||||||| |||| 00| 0 hin d
024 _a154,031
037 _cTextual
040 _aARTS
_cARTS
_bhin
041 _2hin
_ahin
082 _aO152vN5, J4;K7
100 _aगुलाबराय
_9156277
245 0 _aहिन्दी साहित्य का सुबोध इतिहास
246 _aHindī sāhitya kā subodh itihāsa
260 _c1967
942 _hO152vN5, J4;K7
_cTEXL
_2CC
999 _c309659
_d309659